| 000 | 006220000a22001930004500 | ||
|---|---|---|---|
| 003 | LK-CoMWRAF | ||
| 005 | 20240605140503.0 | ||
| 008 | 230817t2003 ||||| |||| 00| 0 eng d | ||
| 040 |
_aLK-CoMWRAF _dLK-CoMWRAF _eLK-CoMWRAF |
||
| 041 | _atam | ||
| 082 | _bMAS | ||
| 100 |
_vMashoor, Siraj _aமஷூர், சிராஜ் |
||
| 245 |
_aஎதிர்ப்பிலக்கியம்: _bஒரு கலாசார ஆயுதம் |
||
| 246 | _aEthirppilakkiyam: Oru Kalachara Aayutham | ||
| 260 |
_aColombo: _bMuslim Socio-Political Study circle, _c2003 |
||
| 300 | _a34 p. | ||
| 650 | _aTamil | ||
| 942 | _cBK | ||
| 999 |
_c685 _d685 |
||